<?xml version="1.0" encoding="UTF-8"?>
<record
    xmlns:xsi="http://www.w3.org/2001/XMLSchema-instance"
    xsi:schemaLocation="http://www.loc.gov/MARC21/slim http://www.loc.gov/standards/marcxml/schema/MARC21slim.xsd"
    xmlns="http://www.loc.gov/MARC21/slim">

  <leader>01489nam a22002417a 4500</leader>
  <controlfield tag="003">OSt</controlfield>
  <controlfield tag="005">20220117165224.0</controlfield>
  <controlfield tag="008">140709b        xxu||||| |||| 00| 0 eng d</controlfield>
  <datafield tag="020" ind1=" " ind2=" ">
    <subfield code="a">9781408043929</subfield>
  </datafield>
  <datafield tag="020" ind1=" " ind2=" ">
    <subfield code="a">1408043920</subfield>
  </datafield>
  <datafield tag="040" ind1=" " ind2=" ">
    <subfield code="c">LC</subfield>
  </datafield>
  <datafield tag="050" ind1=" " ind2=" ">
    <subfield code="a">HB172.5.M35</subfield>
  </datafield>
  <datafield tag="100" ind1=" " ind2=" ">
    <subfield code="a">Mankiw, Gregory N.</subfield>
  </datafield>
  <datafield tag="245" ind1=" " ind2=" ">
    <subfield code="a">Macroeconomics. /</subfield>
    <subfield code="c">Gregory N. Mankiw, Mark P. Taylor</subfield>
  </datafield>
  <datafield tag="250" ind1=" " ind2=" ">
    <subfield code="a">2nd ed.</subfield>
  </datafield>
  <datafield tag="260" ind1=" " ind2=" ">
    <subfield code="a">New York:</subfield>
    <subfield code="b">South-Western,</subfield>
    <subfield code="c">2011.</subfield>
  </datafield>
  <datafield tag="300" ind1=" " ind2=" ">
    <subfield code="a">xx, 505 p.:</subfield>
    <subfield code="b">il.;</subfield>
  </datafield>
  <datafield tag="500" ind1=" " ind2=" ">
    <subfield code="a">Includes index and glossary.</subfield>
  </datafield>
  <datafield tag="505" ind1=" " ind2=" ">
    <subfield code="a">Contents: Introduction: Ten principles of economics -- Thinking like an economist -- Interdependence and the gains from trade-- The market forces of supply and demand --  Elasticity and its application -- Consumers, producers, and the efficiency of markets -- Application: the costs of taxation -- Application: International trade -- Measuring a nation's income -- Measuring the cost of living -- Production and growth -- Saving, investment and the financial system -- The basic tools of finance -- Unemployment  --  The monetary system -- Money growth and inflation --  Open-economy macroeconomics: Basic concepts -- A macroeconomic theory of the open economy --  Aggregate demand and aggregate supply -- The influence of monetary and fiscal policy on aggregate demand -- The short-run tradeoff between inflation and unemployment -- Five debates over macroeconomic policy.</subfield>
  </datafield>
  <datafield tag="653" ind1=" " ind2=" ">
    <subfield code="a">Macroeconomics</subfield>
  </datafield>
  <datafield tag="700" ind1=" " ind2=" ">
    <subfield code="q">Taylor, Mark P.</subfield>
  </datafield>
  <datafield tag="942" ind1=" " ind2=" ">
    <subfield code="2">lcc</subfield>
    <subfield code="c">BK</subfield>
  </datafield>
  <datafield tag="999" ind1=" " ind2=" ">
    <subfield code="c">8420</subfield>
    <subfield code="d">15920</subfield>
  </datafield>
  <datafield tag="952" ind1=" " ind2=" ">
    <subfield code="0">0</subfield>
    <subfield code="1">0</subfield>
    <subfield code="2">lcc</subfield>
    <subfield code="4">0</subfield>
    <subfield code="7">0</subfield>
    <subfield code="a">WIUC-KL</subfield>
    <subfield code="b">WIUC-KL</subfield>
    <subfield code="c">GEN</subfield>
    <subfield code="d">2019-10-25</subfield>
    <subfield code="l">0</subfield>
    <subfield code="o">HB172.5.M35(2e)</subfield>
    <subfield code="p">K/595/595/19</subfield>
    <subfield code="r">2022-01-17 00:00:00</subfield>
    <subfield code="w">2022-01-17</subfield>
    <subfield code="y">BK</subfield>
  </datafield>
</record>
